(Record no. 186185)
[ view plain ]
| 000 -CABECERA | |
|---|---|
| campo de control de longitud fija | 00522nam a2200145Ia 4500 |
| 001 - NÚMERO DE CONTROL | |
| campo de control | IA_13. Aprovechamiento de los insectos comestibles en el Altiplano Central Mexicano. |
| 008 - DATOS DE LONGITUD FIJA--INFORMACIÓN GENERAL | |
| campo de control de longitud fija | 220117s xx 000 0 und d |
| 010 ## - NÚMERO DE CONTROL DE LA BIBLIOTECA DEL CONGRESO | |
| Número de control de LC | 186185 |
| 590 ## - NOTA LOCAL (RLIN) | |
| Nota local | S934.M6 A98 2015 |
| 650 ## - PUNTO DE ACCESO ADICIONAL DE MATERIA--TÉRMINO DE MATERIA | |
| Término de materia o nombre geográfico como elemento de entrada | Agricultura sustentable |
| Subdivisión general | México |
| 9 (RLIN) | 143944 |
| 650 ## - PUNTO DE ACCESO ADICIONAL DE MATERIA--TÉRMINO DE MATERIA | |
| Término de materia o nombre geográfico como elemento de entrada | Sustainable agriculture |
| Subdivisión general | Mexico |
| 9 (RLIN) | 161431 |
| 700 ## - PUNTO DE ACCESO ADICIONAL--NOMBRE DE PERSONA | |
| Nombre de persona | Gómez González, Gerardo, coaut. |
| 9 (RLIN) | 161432 |
| 942 ## - ELEMENTOS DE PUNTO DE ACCESO ADICIONAL (KOHA) | |
| Tipo de ítem Koha | |
No items available.
